Metal contamination of food
Guardat en:
| Autor principal: | |
|---|---|
| Format: | Llibre |
| Idioma: | anglès |
| Publicat: |
Londres
Applied Science Publishing
1980
|
| Matèries: | |
| Etiquetes: |
Afegir etiqueta
Sense etiquetes, Sigues el primer a etiquetar aquest registre!
|
MARC
| LEADER | 00000nam a2200000 a 4500 | ||
|---|---|---|---|
| 001 | UCR5664 | ||
| 003 | CL-VaPUC | ||
| 008 | 980403e19800000UK |||||||||||||||||eng|d | ||
| 082 | 0 | 4 | |a 614.31 |b REI |2 21 |
| 100 | 0 | |a Reilly, Conor |e author |9 406552 | |
| 245 | 1 | 0 | |a Metal contamination of food |
| 300 | |a 235 p | ||
| 942 | |c BK | ||
| 945 | |d 19980403 00:00:00 |a crobeson | ||
| 260 | |a Londres |b Applied Science Publishing |c 1980 | ||
| 650 | 0 | |a Contaminación de alimentos |9 259640 | |
| 650 | 7 | |a TOXICOLOGIA |2 CL-VaPUC |9 306970 | |
| 650 | 0 | |a Metales |9 260686 | |
| 650 | 7 | |a INTOXICACION |2 CL-VaPUC |9 381491 | |
| 583 | |a last modification |c 19980403 00:00:00 |k Rodrigo Vera | ||
| 999 | |c 268126 |d 268124 | ||
| 952 | |0 0 |1 0 |4 0 |6 614_310000000000000_REI_1980 |7 0 |8 A |9 301055 |a BIBALI |b BIBALI |c GEN |d 2019-11-20 |i 1977156 |o 614.31 REI 1980 |p 1977156 |r 2025-01-20 |w 2019-11-20 |y BK |k ALI | ||